| 000 | 00497nam a2200157 4500 | ||
|---|---|---|---|
| 001 | 145383 | ||
| 003 | ES-MaACL | ||
| 007 | t| | ||
| 008 | 070214s1982 sp r ||||1| spa d | ||
| 100 | 1 |
_aSpedding, C. R. W. _9107666 |
|
| 245 | 1 | 0 |
_aSistemas agrarios / _cC. R. W. Spedding ; traducción de Gaspar González y González. |
| 260 |
_aZaragoza : _bAcribia, _c1982. |
||
| 300 |
_a189 p. : _bil. ; _c22 cm. |
||
| 700 | 1 |
_aGonzález y González, Gaspar. _959033 |
|
| 852 |
_aES-MaACL _jL-4133 _bR.103704 |
||
| 999 |
_c145383 _d145383 |
||